000 00973nam a22002177a 4500
999 _c3483
_d3483
003 AR-CdUCM
008 190306b ||||| |||| 00| 0 spa d
040 _aMUNICIPALIDAD PROVINCIAL DEL CUSCO
_cBIBLIOTECA MUNICIPAL DEL CUSCO
082 _a373.31 /
_bJ24
100 _aJarolimek, John
_911454
245 _aLas Ciencias Sociales en la Educacion Elemental /
260 _aMéxico :
_bPax - Mexico ; Libreria Carlos Cesarman S.A ,
_c1964.
300 _a486 páginas ;
_c23 cm.
440 _aColeccion Ciencias del Hombre
_911455
505 _aContenido : Los Estudios Sociales en el Programa de la Escuela Primaria -- Planeacion del Programa de Estudios Sociales -- Desarrollo de Unidades de Estudios Sociales -- Seleccion y Empleo de Materiales Docentes -- Instruccion Individual de los Estudios Sociales...
650 _aPedagogia
_91560
650 _aEducacion Elemental
_911456
650 _aCiencias Sociales Escolares
_911457
942 _2ddc
_cLIBROS
945 _artm